Name that South American Country - Statistics

General Stats
  • This quiz has been taken 51 times
  • The average score is 5 of 5
Answer Stats
Hint Answer % Correct
To have the highest Mountain Argentina
100%
To be connected to North America Colombia
91%
To be the smallest Suriname
91%
To speak English Guyana
89%
To have the city of Cochabamba Bolivia
85%
No matching quizzes found
Score Distribution
Percent of People with Each Score
Percentile by Number Answered
Your Score History
You have not taken this quiz